| 000 | 00566nam a22001697a 4500 | ||
|---|---|---|---|
| 005 | 20160627195632.0 | ||
| 008 | 160506b xxu||||| |||| 00| 0 spa d | ||
| 100 |
_aMora Molina, Jesús _99222 |
||
| 100 |
_aCalvo Brenes, Guillermo _99223 |
||
| 245 | _aEvaluación y clasificación de la calidad de varios cuerpos de agua en la Península de Osa | ||
| 260 |
_aCosta Rica _bEditorial Tecnológica de Costa Rica _c2011 |
||
| 300 | _apágnas 15-29 | ||
| 650 |
_aCOSTA RICA _911768 |
||
| 650 |
_aCALIDAD DE AGUA _99225 |
||
| 650 |
_aPENÍNSULA DE OSA _92228 |
||
| 942 | _cREV | ||
| 999 |
_c8042 _d8042 |
||